000 00557nam a22001577a 4500
005 20251127142234.0
008 250625b |||||||| |||| 00| 0 eng d
020 _a978-81-7769-671-4
041 _ahindi
082 _a294.5360954
_bRAMK
245 _aKumbh Sarvjan Sahbhagita Ka Vishaltam Amritvarsh/Ramanand
260 _aVaranasi:
_bPrilgrims Publishing,
_c2013
300 _a190p.
880 _6245
_aकुम्भ सर्वजन सहभागिता का विशालतम अमृतवर्ष/रामानन्द
942 _cBK
999 _c27857
_d27857